00382pab a2200145 454500008004000000100002300040245006900063260000900132300001300141362001100154650001600165650001000181650001100191773003400202180718b2012 xxu||||| |||| 00| 0 eng d aBharathi, Mudunuri aTribal women's perspective on the land acquisition bill, (Notes) c2012 ap.73-78. a19 May aLand tenure aWomen aTribes aEconomic and Political Weekly